000 00743nam a2200217 i 4500
001 182349
003 ES-MaACL
005 20240118210058.0
008 130805s1992 sp | |||| ||spa d
020 _a84-87012-52-3
080 _a821.134.2-1.09"19"
245 0 0 _aCiclo "Poetas de Prometeo", (1989-1991) /
_cedición a cargo de Juan Ruiz de Torres.
260 _aMadrid :
_bAsociación Prometeo de Poesía,
_c1992.
300 _a89 p. ;
_c21 cm.
490 1 _aEdiciones blancas ;
_v28
650 4 _aPoesía española-
_yS.XX-
_xHistoria y crítica.
_916167
700 1 _aRuiz de Torres, Juan,
_d1931-2014
_9155342
830 0 _aEdiciones blancas ;
_v28
_9224824
852 _aES-MaACL
_j2319-F-9
999 _c182349
_d182349